| LEADER 01174nam 2200277 a 4500 |
| 001 12334101433 |
| 003 ULIB |
| 008 030417s2004 caua sb 001 0 eng |
| 020 ^a974939108x
|
| 060 04 ^aWR500^bป161ร 2549
|
| 100 ^aปนัดดา พรศิริรุ่ง
|
| 245 10 ^aรู้ทันมะเร็งผิวหนัง /^cปนัดดา พรศิริรุ่ง, ผู้แต่ง
|
| 250 ^aพิมพ์ครั้งที่ 1
|
| 260 ^aกรุงเทพฯ :^bใกล้หมอ,^c2549
|
| 300 ^a169 หน้า :^bภาพประกอบ
|
| 650 7 ^aผิวหนัง^xมะเร็ง^xการป้องกันและควบคุม
|
| 650 7 ^aผิวหนัง^xเนื้องอก
|
| 650 7 ^aผิวหนัง^xมะเร็ง^xการรักษา
|
| 650 7 ^aผิวหนัง^xโรค
|
| 650 7 ^aผิวหนัง^xการดูแลและสุขวิทยา
|
| 913 ^aImported by ULIBM Administrator
|
| 949 ^aImport form external file by ULIBM system
|
| 999 ^aอรทัย
|